Verdugados, guardainfantes, valonas y sacristanes. La indumentaria, joyería y arreglo personal en el siglo XVII novohispano. (Record no. 5774)

MARC details
000 -CABECERA
campo de control de longitud fija 00775nam a2200205 a 4500
001 - NÚMERO DE CONTROL
campo de control BRCA_6087
005 - FECHA Y HORA DE LA ÚLTIMA TRANSACCIÓN
campo de control 20190320205330.0
008 - DATOS DE LONGITUD FIJA--INFORMACIÓN GENERAL
campo de control de longitud fija 030611s2009----mx-#######---#000-0#spa-#
050 #4 - SIGNATURA TOPOGRÁFICA DE LA BIBLIOTECA DEL CONGRESO
Número de clasificación N6415
Número de documento/Ítem .S65 2009
100 1# - ENTRADA PRINCIPAL--NOMBRE DE PERSONA
Nombre de persona Solé Peñalosa, Guillermina
9 (RLIN) 15395
245 10 - MENCIÓN DE TÍTULO
Título Verdugados, guardainfantes, valonas y sacristanes. La indumentaria, joyería y arreglo personal en el siglo XVII novohispano.
260 ## - PUBLICACIÓN, DISTRIBUCIÓN, ETC.
Lugar de publicación, distribución, etc. Ciudad de México
Fecha de publicación, distribución, etc. 2009
300 ## - DESCRIPCIÓN FÍSICA
Extensión 659 p.
Dimensiones 28 cm.
502 ## - NOTA DE TESIS
Nota de tesis Tesis Doctorado (Doctora en Historia del Arte) UNAM, Facultad de Filosofía y Letras, Coordinación de Historia del Arte
650 14 - PUNTO DE ACCESO ADICIONAL DE MATERIA--TÉRMINO DE MATERIA
Término de materia o nombre geográfico como elemento de entrada Indumentaria
Subdivisión cronológica Siglo XVII
9 (RLIN) 15396
650 14 - PUNTO DE ACCESO ADICIONAL DE MATERIA--TÉRMINO DE MATERIA
Término de materia o nombre geográfico como elemento de entrada Joyería
Subdivisión cronológica Siglo XVII
9 (RLIN) 15397
700 1# - PUNTO DE ACCESO ADICIONAL--NOMBRE DE PERSONA
Nombre de persona Curiel, Gustavo
Término indicativo de función/relación asesor
9 (RLIN) 2378
902 ## - CATALOGADOR
Iniciales TES
942 ## - ELEMENTOS DE PUNTO DE ACCESO ADICIONAL (KOHA)
Fuente del sistema de clasificación o colocación Library of Congress Classification
Tipo de ítem Koha Tesis
Holdings
Estado de retiro Estado de pérdida Estado dañado No para préstamo Localización permanente Ubicación/localización actual Fecha de adquisición Total de préstamos Signatura topográfica completa Código de barras Fecha visto por última vez Precio válido a partir de Tipo de ítem Koha
El ejemplar forma parte de la colección y puede ser consultado según las políticas vigentes.       Biblioteca del Museo Franz Mayer (Rogerio Casas-Alatriste) Biblioteca del Museo Franz Mayer (Rogerio Casas-Alatriste) 03/06/2011   N6415 .S65 2009 TES00050 22/03/2019 22/03/2019 Tesis